[Event "Sardinia World Festival-A 2024"]
[Site "Orosei"]
[Date "2024.05.03"]
[Round "8.30"]
[White "Bettalli, Francesco"]
[Black "Di Benedetto, Edoardo"]
[Result "1/2-1/2"]
[WhiteElo "2309"]
[BlackElo "2400"]
[Annotator "TA"]
[PlyCount "32"]
[EventDate "2024.04.26"]
[EventType "swiss"]
[EventCountry "ITA"]
[SourceTitle "playchess.com"]
[Source "ChessBase"]
[SourceQuality "1"]

1. e4 e6 2. d4 d5 3. Nc3 Nf6 4. Bg5 dxe4 5. Nxe4 Be7 6. Bxf6 gxf6 7. Qd2 f5 8. Nc3 Nd7 9. g3 Bf6 10. Bg2 c5 11. d5 Nb6 12. Nge2 exd5 13. Nxd5 Nxd5 14. Bxd5 Bxb2 15. Rb1 Be5 16. c4 O-O 1/2-1/2

[Event "Sardinia World Festival-A 2024"]
[Site "Orosei"]
[Date "2024.05.03"]
[Round "8.31"]
[White "Vantika Agrawal"]
[Black "Kanyamarala, Tarun"]
[Result "0-1"]
[WhiteElo "2398"]
[BlackElo "2293"]
[Annotator "TA"]
[PlyCount "102"]
[EventDate "2024.04.26"]
[EventType "swiss"]
[EventCountry "ITA"]
[SourceTitle "playchess.com"]
[Source "ChessBase"]
[SourceQuality "1"]

1. Nf3 d5 2. g3 Nf6 3. Bg2 c5 4. O-O e6 5. d3 Be7 6. Nbd2 O-O 7. e4 Nc6 8. Re1 Qc7 9. e5 Nd7 10. Qe2 b5 11. Nf1 Bb7 12. h4 Rfc8 13. Bf4 Qd8 14. h5 h6 15. N1h2 a5 16. Qd2 a4 17. a3 b4 18. g4 bxa3 19. bxa3 Rab8 20. Bh3 Nd4 21. Nxd4 cxd4 22. Nf3 Qc7 23. Nxd4 Qc3 24. Qxc3 Rxc3 25. Nb5 Rxc2 26. Nd6 Ba6 27. Bf1 Bh4 28. Re2 Rxe2 29. Bxe2 Rb2 30. Re1 Nc5 31. Be3 Nb3 32. Kg2 d4 33. Bf4 Ra2 34. Nc4 Bxc4 35. dxc4 Rxa3 36. Rb1 Ra2 37. Kf3 Bxf2 38. Bd3 Bh4 39. Ke4 Be7 40. c5 Bxc5 41. Bc4 Ra3 42. g5 hxg5 43. Bxg5 Ra1 44. Rb2 Re1+ 45. Kf4 Ba3 46. Rg2 Bc1+ 47. Kf3 Bxg5 48. Rxg5 Nd2+ 49. Kf2 Re3 50. Bd3 Rxd3 51. Ke2 Ne4 0-1

[Event "Sardinia World Festival-A 2024"]
[Site "Orosei"]
[Date "2024.05.03"]
[Round "8.32"]
[White "Savitha Shri B"]
[Black "Van Zyl-Rudd, Jack"]
[Result "1-0"]
[WhiteElo "2363"]
[BlackElo "2261"]
[Annotator "TA"]
[PlyCount "99"]
[EventDate "2024.04.26"]
[EventType "swiss"]
[EventCountry "ITA"]
[SourceTitle "playchess.com"]
[Source "ChessBase"]
[SourceQuality "1"]

1. e4 c5 2. Nf3 d6 3. d4 cxd4 4. Nxd4 Nf6 5. Nc3 a6 6. Be3 e5 7. Nb3 Be6 8. h3 Nbd7 9. g4 b5 10. Qf3 h6 11. O-O-O Qc7 12. Kb1 Be7 13. Nd5 Bxd5 14. exd5 Rc8 15. c3 Nb6 16. h4 Nc4 17. Bc1 Nd7 18. g5 hxg5 19. hxg5 Rxh1 20. Qxh1 Nf8 21. Bd3 a5 22. Nd2 Bxg5 23. Nxc4 bxc4 24. Bf5 Bxc1 25. Bxc8 Bxb2 26. Kxb2 Qxc8 27. f4 f6 28. fxe5 fxe5 29. Rf1 Qg4 30. Qh2 Ng6 31. Rg1 Qf5 32. Ka3 Kf7 33. Qg3 Qf6 34. Qg4 Ne7 35. Qxc4 e4 36. Rf1 Nf5 37. Ka4 Qe5 38. Qd4 Kf6 39. Kxa5 e3 40. Kb4 Qxd4+ 41. cxd4 Kg5 42. Kc3 e2 43. Re1 Ng3 44. a4 Kf4 45. Kd3 Kf3 46. a5 Kf2 47. Ra1 Nh5 48. a6 Nf4+ 49. Ke4 e1=Q+ 50. Rxe1 1-0

[Event "Sardinia World Festival-A 2024"]
[Site "Orosei"]
[Date "2024.05.03"]
[Round "8.33"]
[White "Krishnan, Ritvik"]
[Black "Carlo, Emanuele"]
[Result "0-1"]
[WhiteElo "2277"]
[BlackElo "2363"]
[Annotator "TA"]
[PlyCount "100"]
[EventDate "2024.04.26"]
[EventType "swiss"]
[EventCountry "ITA"]
[SourceTitle "playchess.com"]
[Source "ChessBase"]
[SourceQuality "1"]

1. e4 e5 2. Nf3 Nc6 3. Bc4 Bc5 4. O-O Nf6 5. d3 O-O 6. h3 h6 7. Re1 d6 8. c3 a5 9. Nbd2 Be6 10. Bb5 Nd7 11. Bxc6 bxc6 12. d4 Bb6 13. dxe5 dxe5 14. Qe2 a4 15. Nc4 Qf6 16. Be3 Bxe3 17. Nxe3 Rfb8 18. Nf1 Nf8 19. h4 Rb5 20. Red1 Rab8 21. Rd2 Nd7 22. Rc2 Nc5 23. a3 Nb3 24. Re1 Na5 25. c4 R5b6 26. Rb1 Nb3 27. Qd3 Rd8 28. Qe3 c5 29. N1d2 Bg4 30. Rc3 Nd4 31. Rd3 Rdb8 32. Nxd4 cxd4 33. Qg3 Be2 34. b4 Bxd3 35. Qxd3 Qxh4 36. Nf3 Qe7 37. g3 Rf8 38. Re1 g6 39. Kg2 Re6 40. c5 Kg7 41. Qc4 Qd7 42. Re2 c6 43. Re1 Ree8 44. Qd3 f5 45. Nd2 f4 46. Nf3 Qe6 47. Re2 Rf7 48. Rd2 Ref8 49. Nh2 fxg3 50. fxg3 h5 0-1

[Event "Sardinia World Festival-A 2024"]
[Site "Orosei"]
[Date "2024.05.03"]
[Round "8.34"]
[White "Krivenko, Dion"]
[Black "Samunenkov, Ihor"]
[Result "0-1"]
[WhiteElo "2254"]
[BlackElo "2548"]
[Annotator "TA"]
[PlyCount "120"]
[EventDate "2024.04.26"]
[EventType "swiss"]
[EventCountry "ITA"]
[SourceTitle "playchess.com"]
[Source "ChessBase"]
[SourceQuality "1"]

1. e4 e5 2. Bc4 Nf6 3. d3 c6 4. Nf3 d5 5. Bb3 Bb4+ 6. c3 Bd6 7. O-O O-O 8. Re1 Nbd7 9. Nbd2 Qc7 10. Nf1 dxe4 11. dxe4 Nc5 12. Bc2 Rd8 13. Ng3 Be7 14. Qe2 b6 15. Nf5 Ba6 16. Qe3 Ng4 17. Nxe7+ Qxe7 18. Qg5 Qxg5 19. Bxg5 f6 20. h3 Nxf2 21. Kxf2 fxg5 22. Rad1 Bd3 23. Bb3+ Nxb3 24. axb3 c5 25. Rd2 Bb5 26. Rd5 Bc6 27. Rxe5 h6 28. Re7 Re8 29. Rxe8+ Rxe8 30. Nd2 Rd8 31. Ke3 Kf7 32. Ra1 Rd7 33. Rf1+ Ke7 34. Rf5 g6 35. Rf1 Bb5 36. c4 Bc6 37. Nb1 b5 38. Nc3 bxc4 39. bxc4 Rb7 40. Rb1 Kd6 41. Rd1+ Ke5 42. Rd2 Rb3 43. Re2 a5 44. Kd3 a4 45. Kc2 Rb4 46. Kd3 Bb7 47. Nd5 Rxc4 48. Kxc4 Ba6+ 49. Kxc5 Bxe2 50. Kb4 Bd3 51. Kc3 Bxe4 52. Ne3 Kf4 53. Kd4 Bb7 54. g4 Kg3 55. Ke5 Kxh3 56. Kf6 Be4 57. Kg7 h5 58. Kh6 hxg4 59. Kxg5 g3 60. Kf4 g2 0-1

[Event "Sardinia World Festival-A 2024"]
[Site "Orosei"]
[Date "2024.05.03"]
[Round "8.35"]
[White "Stoyanov, Tsvetan"]
[Black "Nurgaliyev, Sauat"]
[Result "1-0"]
[WhiteElo "2473"]
[BlackElo "2262"]
[Annotator "TA"]
[PlyCount "47"]
[EventDate "2024.04.26"]
[EventType "swiss"]
[EventCountry "ITA"]
[SourceTitle "playchess.com"]
[Source "ChessBase"]
[SourceQuality "1"]

1. e4 c5 2. Nf3 d6 3. d4 cxd4 4. Nxd4 Nf6 5. Nc3 a6 6. Rg1 e5 7. Nb3 Be6 8. g4 d5 9. exd5 Nxd5 10. Nxd5 Qxd5 11. Qxd5 Bxd5 12. Be3 Nc6 13. O-O-O Be4 14. Nc5 Bf3 15. Rd2 Rc8 16. Rg3 Nb4 17. Rxf3 Bxc5 18. Bxc5 Rxc5 19. Rb3 a5 20. a3 Nc6 21. Rxb7 O-O 22. Rc7 f5 23. Rdd7 Rf6 24. g5 1-0

[Event "Sardinia World Festival-A 2024"]
[Site "Orosei"]
[Date "2024.05.03"]
[Round "8.36"]
[White "Orujov, Farid"]
[Black "Kaczmarek, Aleksander"]
[Result "1/2-1/2"]
[WhiteElo "2258"]
[BlackElo "2362"]
[Annotator "TA"]
[PlyCount "176"]
[EventDate "2024.04.26"]
[EventType "swiss"]
[EventCountry "ITA"]
[SourceTitle "playchess.com"]
[Source "ChessBase"]
[SourceQuality "1"]

1. e4 c5 2. Nf3 d6 3. d4 cxd4 4. Nxd4 Nf6 5. Nc3 a6 6. h3 e5 7. Nb3 Be7 8. g4 h6 9. Be3 b5 10. Nd5 Bb7 11. Bb6 Qc8 12. Nc7+ Kf8 13. Nxa8 Bxe4 14. f3 Bxa8 15. Bf2 Nbd7 16. Be2 g5 17. Qd2 Nd5 18. O-O-O Nf4 19. Kb1 Kg7 20. h4 Nf6 21. Rh2 N6d5 22. hxg5 hxg5 23. Rdh1 Rxh2 24. Rxh2 Nxe2 25. Qxe2 Nf4 26. Qd1 Ng6 27. Nd2 Qe6 28. Ne4 Bxe4 29. fxe4 Bf6 30. Be3 Nf4 31. Bxf4 exf4 32. Qf3 d5 33. Re2 Qe5 34. c3 d4 35. cxd4 Qxd4 36. a3 Be5 37. Ka2 Qc4+ 38. Kb1 a5 39. Rc2 Qd4 40. Qe2 b4 41. axb4 axb4 42. Rd2 f3 43. Qe1 Qa7 44. Qf2 Qa4 45. Qc5 Kf6 46. Rd3 Bf4 47. Qd4+ Kg6 48. Rxf3 Qb5 49. Rd3 Qa6 50. Qd5 Kg7 51. Kc2 Qc8+ 52. Kb3 Qxg4 53. Kxb4 Qe2 54. Qd4+ Kg6 55. Ra3 f6 56. Ka4 g4 57. Qd5 Be5 58. b4 Qc2+ 59. Kb5 Kg5 60. Ra8 Kf4 61. Rg8 g3 62. Qd7 Qe2+ 63. Kb6 Kxe4 64. Qc6+ Kf4 65. b5 f5 66. Qh6+ Ke4 67. Re8 g2 68. Qg7 Kf3 69. Rxe5 Qxe5 70. Qxe5 g1=Q+ 71. Kb7 Qb1 72. Qc3+ Kg2 73. b6 f4 74. Qg7+ Kf1 75. Ka7 f3 76. b7 Qa2+ 77. Kb6 Qb3+ 78. Kc7 Qc4+ 79. Kd6 Qb4+ 80. Kc7 Qc5+ 81. Kd8 Qd6+ 82. Kc8 Qc6+ 83. Kd8 Qd6+ 84. Kc8 Qc6+ 85. Qc7 Qe8+ 86. Qd8 Qc6+ 87. Qc7 Qe8+ 88. Qd8 Qc6+ 1/2-1/2

[Event "Sardinia World Festival-A 2024"]
[Site "Orosei"]
[Date "2024.05.03"]
[Round "8.37"]
[White "Balinski, Damian"]
[Black "Fromm, Marius"]
[Result "1-0"]
[WhiteElo "2204"]
[BlackElo "2454"]
[Annotator "TA"]
[PlyCount "69"]
[EventDate "2024.04.26"]
[EventType "swiss"]
[EventCountry "ITA"]
[SourceTitle "playchess.com"]
[Source "ChessBase"]
[SourceQuality "1"]

1. e4 c5 2. Nf3 e6 3. g3 Nc6 4. Bg2 a6 5. O-O b5 6. c3 Nf6 7. d4 cxd4 8. Nxd4 Nxd4 9. cxd4 Bb7 10. Bg5 Be7 11. Re1 d5 12. e5 Nd7 13. Bxe7 Qxe7 14. Nd2 O-O 15. Nb3 a5 16. Rc1 Nb6 17. Nc5 b4 18. Bf1 Rfc8 19. b3 Rab8 20. Qd2 Nd7 21. Nxb7 Rxc1 22. Rxc1 Rxb7 23. Rc8+ Nf8 24. Qc2 g5 25. Ba6 Ra7 26. Bb5 Kg7 27. Qc6 Qb7 28. Qc5 Qe7 29. Qd6 Ng6 30. Kg2 Qb7 31. Qd8 Qxb5 32. Qf6+ Kh6 33. Rg8 Kh5 34. g4+ Kh4 35. Rxg6 1-0

[Event "Sardinia World Festival-A 2024"]
[Site "Orosei"]
[Date "2024.05.03"]
[Round "8.38"]
[White "Olsen, Filip Boe"]
[Black "Andreev, Konstantin"]
[Result "0-1"]
[WhiteElo "2440"]
[BlackElo "2244"]
[Annotator "RC"]
[PlyCount "86"]
[EventDate "2024.04.26"]
[EventType "swiss"]
[EventCountry "ITA"]
[SourceTitle "playchess.com"]
[Source "ChessBase"]
[SourceQuality "1"]

1. d4 d5 2. c4 Nc6 3. Nf3 Bg4 4. Nc3 e6 5. cxd5 exd5 6. Bg5 Be7 7. Bxe7 Ngxe7 8. e3 O-O 9. Bd3 Bh5 10. O-O Qd6 11. Rc1 a6 12. Be2 Nd8 13. Ne5 Bxe2 14. Nxe2 c6 15. Nf4 Nc8 16. Qg4 Qe7 17. h4 Nd6 18. h5 Re8 19. Rce1 Ne6 20. Nh3 a5 21. f3 a4 22. Qg3 Rad8 23. Qf2 g6 24. hxg6 hxg6 25. Qc2 Ra8 26. Nf2 Kg7 27. g4 a3 28. b3 Rh8 29. Kg2 Nb5 30. Rh1 Rxh1 31. Nxh1 Rh8 32. Nf2 Qg5 33. Qc1 Rh4 34. f4 Qe7 35. Rh1 Rxh1 36. Nxh1 f6 37. Nf3 Qb4 38. Ng3 Qc3 39. Qd2 Qxd2+ 40. Nxd2 Nc3 41. Kf2 Nc7 42. Ne2 Nxa2 43. Nb1 Nb5 0-1

[Event "Sardinia World Festival-A 2024"]
[Site "Orosei"]
[Date "2024.05.03"]
[Round "8.39"]
[White "Trost, Edvin"]
[Black "Nandhidhaa, P V"]
[Result "1-0"]
[WhiteElo "2434"]
[BlackElo "2276"]
[Annotator "TA"]
[PlyCount "63"]
[EventDate "2024.04.26"]
[EventType "swiss"]
[EventCountry "ITA"]
[SourceTitle "playchess.com"]
[Source "ChessBase"]
[SourceQuality "1"]

1. d4 Nf6 2. c4 e6 3. Nc3 d5 4. cxd5 exd5 5. Bg5 Be7 6. e3 c6 7. Bd3 h6 8. Bh4 O-O 9. Nge2 Re8 10. O-O a5 11. f3 b5 12. Bf2 Ba6 13. Kh1 Nbd7 14. Rc1 Bf8 15. Ng3 Qb8 16. e4 dxe4 17. fxe4 b4 18. Nce2 c5 19. dxc5 Rd8 20. c6 Nc5 21. Bxc5 Bxc5 22. Rxc5 Rxd3 23. c7 Qb7 24. Qc2 Rc8 25. Rxf6 gxf6 26. Nf4 b3 27. axb3 Re3 28. Qd2 Qxb3 29. Nd5 Rd3 30. Nxf6+ Kg7 31. Nf5+ Kg6 32. Qxh6# 1-0

[Event "Sardinia World Festival-A 2024"]
[Site "Orosei"]
[Date "2024.05.03"]
[Round "8.40"]
[White "Kochavi, Ori"]
[Black "Kairbekova, Amina"]
[Result "1/2-1/2"]
[WhiteElo "2406"]
[BlackElo "2204"]
[Annotator "TA"]
[PlyCount "118"]
[EventDate "2024.04.26"]
[EventType "swiss"]
[EventCountry "ITA"]
[SourceTitle "playchess.com"]
[Source "ChessBase"]
[SourceQuality "1"]

1. d4 Nf6 2. Nf3 g6 3. Nc3 d5 4. Bf4 Bg7 5. Nb5 Na6 6. e3 c6 7. Nc3 Nc7 8. h3 O-O 9. Bd3 b6 10. O-O c5 11. a4 a6 12. Bh2 Nce8 13. Be2 cxd4 14. exd4 Nd6 15. Ne5 Bb7 16. Nb1 Nd7 17. Nd2 f6 18. Nxd7 Qxd7 19. a5 b5 20. Nb3 e5 21. Re1 Qf7 22. Nc5 Rad8 23. c3 e4 24. Qc1 h6 25. b3 f5 26. Be5 Bc8 27. f4 Kh7 28. Qe3 Ne8 29. Rf1 g5 30. g3 Qg6 31. Kh2 Rg8 32. Rg1 Bxe5 33. dxe5 d4 34. cxd4 Nc7 35. Qf2 Nd5 36. Rac1 Rg7 37. Bc4 bxc4 38. bxc4 Ne7 39. d5 Nxd5 40. cxd5 Rxd5 41. Rcd1 Qc6 42. Rxd5 Qxd5 43. Qe3 Qa2+ 44. Rg2 Qxa5 45. e6 gxf4 46. gxf4 Rxg2+ 47. Kxg2 Bxe6 48. Qd4 Qa2+ 49. Kg3 Bc8 50. Qe5 Qg8+ 51. Kf2 Qg7 52. Qd6 Qb2+ 53. Ke3 Qc3+ 54. Ke2 Qg7 55. Kf2 a5 56. h4 Bb7 57. h5 Qb2+ 58. Ke1 Qa1+ 59. Ke2 Qb2+ 1/2-1/2

[Event "Sardinia World Festival-A 2024"]
[Site "Orosei"]
[Date "2024.05.03"]
[Round "8.41"]
[White "Floris, Federico"]
[Black "Assylov, Miras"]
[Result "1/2-1/2"]
[WhiteElo "2129"]
[BlackElo "2342"]
[Annotator "TA"]
[PlyCount "76"]
[EventDate "2024.04.26"]
[EventType "swiss"]
[EventCountry "ITA"]
[SourceTitle "playchess.com"]
[Source "ChessBase"]
[SourceQuality "1"]

1. e4 c6 2. d4 d5 3. Nc3 dxe4 4. Nxe4 Bf5 5. Ng3 Bg6 6. h4 h6 7. Nf3 Nd7 8. h5 Bh7 9. Bd3 Bxd3 10. Qxd3 e6 11. Bd2 Ngf6 12. O-O-O Be7 13. Ne4 O-O 14. Nxf6+ Nxf6 15. Kb1 c5 16. g4 Nxg4 17. Qe2 cxd4 18. Rhg1 f5 19. Qxe6+ Kh8 20. Nxd4 Qxd4 21. Qxe7 Rae8 22. Qb4 Qxb4 23. Bxb4 Rf7 24. Bc5 Nf6 25. Rh1 a6 26. Bd4 Re2 27. b3 Ne4 28. Rhe1 Rxe1 29. Rxe1 Kh7 30. Kb2 Rd7 31. c3 Kg8 32. Rg1 Nxf2 33. Rf1 Nd3+ 34. Kb1 Rd5 35. Rg1 Rd7 36. Rf1 Rd5 37. Rg1 Rd7 38. Rf1 Rd5 1/2-1/2

[Event "Sardinia World Festival-A 2024"]
[Site "Orosei"]
[Date "2024.05.03"]
[Round "8.42"]
[White "Lohia, Sohum"]
[Black "Loftgaard, Mikkel Vinh"]
[Result "1/2-1/2"]
[WhiteElo "2316"]
[BlackElo "2227"]
[Annotator "TA"]
[PlyCount "78"]
[EventDate "2024.04.26"]
[EventType "swiss"]
[EventCountry "ITA"]
[SourceTitle "playchess.com"]
[Source "ChessBase"]
[SourceQuality "1"]

1. e4 c5 2. Nf3 d6 3. Bb5+ Bd7 4. Bxd7+ Qxd7 5. c4 Nf6 6. Nc3 Nc6 7. d4 cxd4 8. Nxd4 g6 9. h3 Bg7 10. Be3 O-O 11. O-O Nxd4 12. Bxd4 Qc6 13. Qd3 Rac8 14. b3 a6 15. Rac1 Rfd8 16. Bxf6 Bxf6 17. Nd5 b5 18. cxb5 Qxb5 19. Qxb5 axb5 20. a4 bxa4 21. Rxc8 Rxc8 22. Nxf6+ exf6 23. bxa4 Kf8 24. Ra1 Ke7 25. Kf1 Kd7 26. a5 Re8 27. f3 Kc7 28. Ke2 d5 29. Kd3 dxe4+ 30. fxe4 Kb7 31. g4 h6 32. Ra3 f5 33. Rb3+ Ka7 34. exf5 gxf5 35. gxf5 Re5 36. Rb6 Rxf5 37. Rxh6 Rxa5 38. h4 Kb8 39. Ke4 Kc8 1/2-1/2

[Event "Sardinia World Festival-A 2024"]
[Site "Orosei"]
[Date "2024.05.03"]
[Round "8.43"]
[White "Carlomagno, Vincenzo"]
[Black "Saine, Zachary"]
[Result "0-1"]
[WhiteElo "2094"]
[BlackElo "2032"]
[Annotator "NA RC"]
[PlyCount "160"]
[EventDate "2024.04.26"]
[EventType "swiss"]
[EventCountry "ITA"]
[SourceTitle "playchess.com"]
[Source "ChessBase"]
[SourceQuality "1"]

1. d4 Nf6 2. Nf3 d5 3. c4 e6 4. g3 Be7 5. Bg2 O-O 6. O-O dxc4 7. Qc2 a6 8. Qxc4 b5 9. Qc2 Bb7 10. Bd2 Nbd7 11. Ba5 Rc8 12. Nbd2 Nb8 13. Nb3 Nc6 14. Bd2 Nb4 15. Bxb4 Bxb4 16. Nc5 Bxf3 17. Bxf3 Qxd4 18. Nxa6 Bd6 19. Rac1 Qa7 20. Qc6 Ra8 21. Nxc7 Bxc7 22. Qxc7 Qxc7 23. Rxc7 Rxa2 24. Rb1 Rb8 25. b4 g6 26. e3 Rd2 27. Kg2 Nd5 28. Bxd5 Rxd5 29. Ra1 Rbd8 30. Raa7 Rf5 31. e4 Rf6 32. Rd7 Rc8 33. e5 Rf5 34. g4 Rf4 35. Kg3 Rcc4 36. Ra8+ Kg7 37. f3 g5 38. Rb8 Rc3 39. Rxb5 Rcxf3+ 40. Kg2 Rf2+ 41. Kg1 Rb2 42. h3 Rbxb4 43. Rbb7 Rbe4 44. Rb5 Re1+ 45. Kg2 Re2+ 46. Kg3 Rfe4 47. Rd3 Rxe5 48. Rbb3 Ra5 49. h4 h6 50. hxg5 hxg5 51. Ra3 Rxa3 52. Rxa3 Kg6 53. Ra6 Re3+ 54. Kf2 Rd3 55. Rb6 Ra3 56. Rc6 Ra5 57. Kf3 Re5 58. Ra6 f6 59. Rb6 Re1 60. Ra6 f5 61. gxf5+ Kxf5 62. Ra5+ Re5 63. Ra8 g4+ 64. Kf2 Kf4 65. Rf8+ Rf5 66. Rg8 e5 67. Kg2 Rf7 68. Ra8 Rb7 69. Ra4+ e4 70. Ra2 Rb4 71. Rf2+ Ke3 72. Kg3 Kd3 73. Rf4 Rb1 74. Kxg4 Rg1+ 75. Kh3 e3 76. Kh2 Rg8 77. Rf7 Kd2 78. Rd7+ Ke1 79. Re7 e2 80. Rd7 Rg5 0-1

[Event "Sardinia World Festival-A 2024"]
[Site "Orosei"]
[Date "2024.05.03"]
[Round "8.44"]
[White "Dimitrov, Dejan"]
[Black "Joel Paul Ganta"]
[Result "1-0"]
[WhiteElo "1998"]
[BlackElo "1969"]
[Annotator "NA RC"]
[PlyCount "67"]
[EventDate "2024.04.26"]
[EventType "swiss"]
[EventCountry "ITA"]
[SourceTitle "playchess.com"]
[Source "ChessBase"]
[SourceQuality "1"]

1. e4 c5 2. Nf3 d6 3. Bc4 Nf6 4. d3 e6 5. O-O Be7 6. Bb3 Nc6 7. c3 O-O 8. Re1 e5 9. Nbd2 Bg4 10. h3 Be6 11. Nf1 Qd7 12. Ng3 b5 13. d4 exd4 14. cxd4 d5 15. e5 Ne8 16. dxc5 Bxc5 17. Be3 Be7 18. Ne2 Na5 19. Bc2 Nc4 20. Bd4 g6 21. b3 Na3 22. Bd3 b4 23. Qd2 Ng7 24. Ng3 Rfc8 25. Rac1 Nf5 26. Nxf5 Bxf5 27. Bb2 Nb5 28. e6 Bxe6 29. Bxb5 Qxb5 30. Qd4 Rc3 31. Rxc3 bxc3 32. Bxc3 f6 33. Rxe6 Qd7 34. Rxe7 1-0

[Event "Sardinia World Festival-A 2024"]
[Site "Orosei"]
[Date "2024.05.03"]
[Round "8.45"]
[White "Natoli, Alessia"]
[Black "Knors, Rudi"]
[Result "1-0"]
[WhiteElo "1917"]
[BlackElo "1992"]
[Annotator "NA RC"]
[PlyCount "65"]
[EventDate "2024.04.26"]
[EventType "swiss"]
[EventCountry "ITA"]
[SourceTitle "playchess.com"]
[Source "ChessBase"]
[SourceQuality "1"]

1. e4 c6 2. Nc3 d5 3. Nf3 Bg4 4. h3 Bxf3 5. Qxf3 e6 6. Be2 Nd7 7. d4 dxe4 8. Nxe4 Ngf6 9. O-O Be7 10. Rd1 Nxe4 11. Qxe4 Nf6 12. Qf3 O-O 13. c4 Qc7 14. Bf4 Bd6 15. Bg5 Be7 16. Be3 Rfd8 17. Rac1 Qa5 18. a3 Rd7 19. Bd3 Rad8 20. Bc2 Qc7 21. Ba4 Qa5 22. Bc2 Qc7 23. d5 exd5 24. Bf5 dxc4 25. Bxd7 Rxd7 26. Rxc4 a6 27. Bg5 h6 28. Bxf6 Bxf6 29. Rxd7 Qxd7 30. b4 Qd2 31. Re4 Qa2 32. Re8+ Kh7 33. Qf5+ 1-0

[Event "Sardinia World Festival-A 2024"]
[Site "Orosei"]
[Date "2024.05.03"]
[Round "8.46"]
[White "Mascia, Germano"]
[Black "Wang, Shanshan"]
[Result "1/2-1/2"]
[WhiteElo "1884"]
[BlackElo "1966"]
[Annotator "NA RC"]
[PlyCount "135"]
[EventDate "2024.04.26"]
[EventType "swiss"]
[EventCountry "ITA"]
[SourceTitle "playchess.com"]
[Source "ChessBase"]
[SourceQuality "1"]

1. d4 Nf6 2. c4 g6 3. Nc3 d5 4. cxd5 Nxd5 5. e4 Nxc3 6. bxc3 Bg7 7. Nf3 c5 8. Be3 Nc6 9. Qd2 Qa5 10. Rb1 cxd4 11. cxd4 Qxd2+ 12. Kxd2 O-O 13. d5 Rd8 14. Bd3 Ne5 15. Nxe5 Bxe5 16. f4 Bc7 17. Rhc1 Ba5+ 18. Ke2 e6 19. Bc4 b6 20. dxe6 Bxe6 21. Bxe6 fxe6 22. Rc6 Re8 23. Rd1 Re7 24. a3 Rf8 25. g4 Rb8 26. Rdc1 Kf7 27. Rc7 Rbe8 28. h4 Rxc7 29. Rxc7+ Re7 30. Rc8 Re8 31. Rc6 Re7 32. h5 gxh5 33. gxh5 Rd7 34. Rc8 Kg7 35. h6+ Kxh6 36. Rc6 Kg7 37. Rxe6 Bc3 38. f5 Kf7 39. Rh6 Kg8 40. Rc6 Be5 41. Bh6 Kf7 42. Be3 Rc7 43. Rh6 Kg7 44. Re6 Bb2 45. a4 Kf7 46. Rh6 Kg7 47. Rd6 Kf7 48. Bd4 Bxd4 49. Rxd4 Kf6 50. Kf3 Kg5 51. Rd8 Rc3+ 52. Ke2 Ra3 53. Rg8+ Kf6 54. Rf8+ Kg7 55. Rd8 Rxa4 56. Kf3 h5 57. Kf4 h4 58. Rd3 b5 59. Rh3 b4 60. Ke5 Ra6 61. Rxh4 b3 62. Rh1 Rb6 63. Kd4 a5 64. Kc3 a4 65. Kb2 Rb4 66. e5 Re4 67. Ka3 Rxe5 68. Kxa4 1/2-1/2

[Event "Sardinia World Festival-A 2024"]
[Site "Orosei"]
[Date "2024.05.03"]
[Round "8.47"]
[White "Botez, Alexandra"]
[Black "Molinari, Carlo"]
[Result "1-0"]
[WhiteElo "1970"]
[BlackElo "1867"]
[Annotator "NA RC"]
[PlyCount "99"]
[EventDate "2024.04.26"]
[EventType "swiss"]
[EventCountry "ITA"]
[SourceTitle "playchess.com"]
[Source "ChessBase"]
[SourceQuality "1"]

1. d4 d5 2. c4 e6 3. Nc3 Nf6 4. cxd5 exd5 5. Bf4 Bd6 6. Bxd6 Qxd6 7. Qc2 O-O 8. e3 a6 9. Bd3 c5 10. dxc5 Qxc5 11. O-O-O Be6 12. Nge2 Nc6 13. Kb1 Nb4 14. Qd2 Ne4 15. Bxe4 dxe4 16. Nf4 Qe7 17. Nxe6 Qxe6 18. Qd4 Nd3 19. Rhf1 f5 20. g4 Rae8 21. gxf5 Rxf5 22. f4 b5 23. Qxe4 Qxe4 24. Nxe4 Nxb2 25. Nd6 Nxd1 26. Nxf5 Nc3+ 27. Kc2 Ne4 28. Kd3 g6 29. Nd4 Nc5+ 30. Ke2 Ne4 31. Rc1 b4 32. Rc2 Nc3+ 33. Kf3 Kf7 34. a3 Nd5 35. e4 Nf6 36. Rc7+ Kg8 37. e5 Nd5 38. Ra7 bxa3 39. Rxa6 Rd8 40. Ne2 Ne7 41. Rxa3 Nf5 42. Ng3 Nd4+ 43. Kg4 Rf8 44. Ne4 h5+ 45. Kg5 Ne6+ 46. Kxg6 Nxf4+ 47. Kg5 Ne6+ 48. Kxh5 Rf5+ 49. Kg6 Nd4 50. Ra8+ 1-0

[Event "Sardinia World Festival-A 2024"]
[Site "Orosei"]
[Date "2024.05.03"]
[Round "8.48"]
[White "Nassa, Nicolas"]
[Black "Botez, Andrea"]
[Result "0-1"]
[WhiteElo "1969"]
[BlackElo "1879"]
[Annotator "NA RC"]
[PlyCount "82"]
[EventDate "2024.04.26"]
[EventType "swiss"]
[EventCountry "ITA"]
[SourceTitle "playchess.com"]
[Source "ChessBase"]
[SourceQuality "1"]

1. d4 Nf6 2. c4 g6 3. Nf3 Bg7 4. g3 d6 5. Bg2 O-O 6. O-O Nbd7 7. Nc3 e5 8. e4 Re8 9. d5 Nc5 10. Qc2 a5 11. Be3 b6 12. h3 Nh5 13. Qd1 Rf8 14. Ne1 Bd7 15. Kh2 Qe8 16. Bf3 Nf6 17. Nd3 h5 18. Nxc5 bxc5 19. Bg2 Rb8 20. Qd2 Rb4 21. a3 Rb3 22. Rab1 Kh7 23. Ne2 a4 24. Nc1 Rb6 25. Nd3 c6 26. f4 cxd5 27. fxe5 Nxe4 28. Qa5 Rb3 29. Rbd1 Nxg3 30. Kxg3 Bxe5+ 31. Kf2 dxc4 32. Nxe5 Qxe5 33. Rfe1 Rxb2+ 34. Kg1 Qg3 35. Bd2 Bxh3 36. Re2 c3 37. Be1 Qg4 38. Rxb2 cxb2 39. Qd2 Bxg2 40. Qxg2 Qxd1 41. Qxb2 Qxe1+ 0-1

[Event "Sardinia World Festival-A 2024"]
[Site "Orosei"]
[Date "2024.05.04"]
[Round "9.1"]
[White "Pichot, Alan"]
[Black "Dardha, Daniel"]
[Result "0-1"]
[WhiteElo "2644"]
[BlackElo "2630"]
[Annotator "TA"]
[PlyCount "96"]
[EventDate "2024.04.26"]
[EventType "swiss"]
[EventCountry "ITA"]
[SourceTitle "playchess.com"]
[Source "ChessBase"]
[SourceQuality "1"]

1. e4 c5 2. Nf3 Nc6 3. Bb5 e6 4. O-O Nge7 5. Re1 a6 6. Bf1 d5 7. exd5 Nxd5 8. d4 Nf6 9. Be3 cxd4 10. Nxd4 Bd7 11. c4 h5 12. Nxc6 Bxc6 13. Qxd8+ Rxd8 14. Nc3 Bb4 15. a3 Bxc3 16. bxc3 h4 17. Bd4 Rh5 18. f3 Ke7 19. Rad1 Nd7 20. Kf2 f6 21. g4 hxg3+ 22. hxg3 Rdh8 23. g4 Ra5 24. Ra1 g5 25. Be2 Ne5 26. Kg3 Kf7 27. Rh1 Rxh1 28. Rxh1 Rxa3 29. Rh7+ Kg8 30. Re7 Ra2 31. Bxe5 fxe5 32. Kf2 e4 33. fxe4 Kf8 34. Rc7 e5 35. Ke3 a5 36. c5 a4 37. Bc4 Ra1 38. Kd2 a3 39. Rf7+ Ke8 40. Rf5 a2 41. Rxe5+ Kd7 42. Be6+ Kd8 43. Bxa2 Rxa2+ 44. Kd3 Rf2 45. Rxg5 Rf4 46. e5 Ke7 47. Ke3 Re4+ 48. Kd3 Ke6 0-1

[Event "Sardinia World Festival-A 2024"]
[Site "Orosei"]
[Date "2024.05.04"]
[Round "9.2"]
[White "Van Foreest, Jorden"]
[Black "Parkhov, Yair"]
[Result "1-0"]
[WhiteElo "2668"]
[BlackElo "2513"]
[Annotator "TA"]
[PlyCount "97"]
[EventDate "2024.04.26"]
[EventType "swiss"]
[EventCountry "ITA"]
[SourceTitle "playchess.com"]
[Source "ChessBase"]
[SourceQuality "1"]

1. e4 c5 2. Nf3 d6 3. Nc3 Nf6 4. Bb5+ Bd7 5. Qe2 Nc6 6. Bxc6 Bxc6 7. d4 cxd4 8. Nxd4 e5 9. Nxc6 bxc6 10. O-O Be7 11. b3 O-O 12. Bb2 Nd7 13. Rad1 Qc7 14. Rd3 f5 15. Rh3 Rf7 16. exf5 d5 17. g4 e4 18. f3 e3 19. Kh1 Bg5 20. Qd3 Bf6 21. Bc1 d4 22. Ne4 Qf4 23. Ba3 Re8 24. Nd6 Ne5 25. Qe2 Rd8 26. Nxf7 Kxf7 27. Bc5 Rd5 28. b4 a5 29. a3 Nd7 30. Rxh7 Kg8 31. Rh3 Ne5 32. Rd1 Nf7 33. Rg3 Bh4 34. Rg2 Ng5 35. c3 Nxf3 36. Rf1 Bf2 37. Rgxf2 exf2 38. Qxf2 d3 39. c4 Rxc5 40. bxc5 d2 41. Qe2 Nd4 42. Qe8+ Kh7 43. Rxf4 d1=Q+ 44. Kg2 Ne2 45. Rf1 Qd2 46. Rf2 Nf4+ 47. Kg3 Qc1 48. Rxf4 Qg1+ 49. Kh3 1-0